| 000 | 00786nam a2200241Ia 4500 | ||
|---|---|---|---|
| 003 | OSt | ||
| 005 | 20220927105746.0 | ||
| 006 | a|||||r|||| 00| 0 | ||
| 007 | ta | ||
| 008 | 220926b |||||||| |||| 00| 0 eng d | ||
| 024 | _a203790 | ||
| 037 | _cReference Collections | ||
| 040 |
_aRTL _cRTL _beng |
||
| 041 |
_2eng _aeng |
||
| 082 | _a"Sigma sn2, N50, Q5/GD" | ||
| 100 |
_aNATIONAL SAMPLE SURVEY (NSS 68th Round) _9374784 |
||
| 245 | 0 | _aEmployment and unemployment situation in cities and town in india | |
| 260 |
_aNew _b"Delhi, Govt Press, " _c2015 |
||
| 490 | _vPart-I 2011-12 (NSS-564) | ||
| 500 | _aGlossary: P 557-70 | ||
| 942 |
_h"Sigma sn2, N50, Q5/GD" _cCC |
||
| 999 |
_c694444 _d694444 |
||